000 01458cam a22003977a 4500
003 CHAP
005 20220329142706.0
008 010920d2001 mx r 00110 spa d
010 _a86591
011 _a87563
035 _a98107
040 _cCHAP
090 _aTesis
100 0 0 _aLuna Bonilla, Alfredo
_969020
245 0 0 _aModelo econométrico del Comercio Exterior de tabaco en México 1980-2000
_cpor Alfredo Luna Bonilla
260 _aChapingo, Méx. :
_bEl autor,
_c2002.
502 _aTesis (Ing. Agr. Esp. en Economía Agrícola) -- UACH. División de Ciencias Económico Administrativas
590 _aALEPH
_b10
_c20130110
_lUCH01
_h1450
590 _aBATCH-UPD
_b10
_c20130109
_lUCH01
_h2328
590 _aBATCH-UPD
_b10
_c20130110
_lUCH01
_h0610
590 _aBATCH-UPD
_b10
_c20130409
_lUCH01
_h1852
590 _aBATCH-UPD
_b10
_c20130410
_lUCH01
_h0252
590 _aBATCH-UPD
_b10
_c20130914
_lUCH01
_h1015
590 _aCONVERSION
_b10
_c20130109
_lUCH01
_h1348
650 0 4 _aModelos econométricos.
_976416
650 0 4 _aTabaco
_xMéxico.
_9111230
650 1 4 _aComercio exterior
_zMéxico.
_925638
650 1 4 _aTabaco
_xAspectos económicos.
_9111199
650 1 4 _aTabaco
_xExportación.
_9111218
650 1 4 _aTabaco
_xMercadeo.
_9111229
901 _aBK
905 _aAlejandra Carrasco M.
942 _cFOLL
949 _aTesis
_bBC
_cTES
_d33724000872479
_eTS2
_fc.2
_h40225
_i98107
_si
949 _aTesis
_bBC
_cTES
_d981071
_eTS1
_h40224
_i98107
_sb
999 _c86591
_d86591